[Event "2BLS 1920 OSG Baden-Baden II - SV 1947 "]
[Site "?"]
[Date "2021.08.08"]
[Round "10.4"]
[White "Schlosser, Philipp"]
[Black "Adler, Joel"]
[Result "1-0"]
[WhiteElo "2510"]
[BlackElo "2219"]
[PlyCount "75"]
[EventDate "2021.??.??"]

1. c4 e5 2. g3 d6 3. Bg2 f5 4. Nc3 Nf6 5. d4 Be7 6. Nf3 e4 7. Ng5 c6 8. d5 O-O
9. O-O Na6 10. f3 exf3 11. exf3 h6 12. Nh3 g5 13. dxc6 bxc6 14. f4 g4 15. Nf2
Qc7 16. Re1 Rb8 17. a3 Qd7 18. b4 Nc7 19. Qa4 Bb7 20. Bb2 a6 21. Rad1 Rfe8 22.
Nd3 Bf8 23. Ne5 Qe6 24. Nxg4 Qxe1+ 25. Rxe1 Rxe1+ 26. Kf2 Nxg4+ 27. Kxe1 Re8+
28. Ne2 d5 29. cxd5 cxd5 30. Bf3 Nb5 31. Qd1 Ne3 32. Qd3 Nd6 33. Bh5 Re7 34.
Bd4 Ndc4 35. Bc5 Re4 36. Bxf8 Kxf8 37. Bf3 Re7 38. Kf2 1-0

[Event "2BLS 1920 OSG Baden-Baden II - SV 1947 "]
[Site "?"]
[Date "2021.08.08"]
[Round "10.5"]
[White "Fichter, Fabian"]
[Black "Schmaltz, Roland"]
[Result "0-1"]
[WhiteElo "2243"]
[BlackElo "2454"]
[PlyCount "58"]
[EventDate "2021.??.??"]

1. e4 c5 2. Nf3 e6 3. b3 b6 4. Bb2 Bb7 5. Bd3 Nc6 6. c3 Nf6 7. O-O d5 8. e5 Nd7
9. Re1 g5 10. Kh1 g4 11. Ng1 Qg5 12. Be2 h5 13. d4 O-O-O 14. Na3 f6 15. f4 gxf3
16. Nxf3 Qg7 17. exf6 Nxf6 18. Bd3 Rg8 19. Qd2 Ne4 20. Rxe4 dxe4 21. Bxe4 cxd4
22. cxd4 Bxa3 23. Bxa3 Nxd4 24. Rc1+ Kb8 25. Bxb7 Qxb7 26. Ne5 Nb5 27. Qb2 Nxa3
28. Nf3 Nb5 29. Qe5+ Nc7 0-1

[Event "2BLS 1920 OSG Baden-Baden II - SV 1947 "]
[Site "?"]
[Date "2021.08.08"]
[Round "10.6"]
[White "Schmider, Niklas"]
[Black "Haas, Frank-Martin"]
[Result "1-0"]
[WhiteElo "2295"]
[BlackElo "2118"]
[PlyCount "83"]
[EventDate "2021.??.??"]

1. e4 e6 2. d4 d5 3. Nc3 dxe4 4. Nxe4 Bd7 5. Nf3 Bc6 6. Bd3 Nd7 7. O-O Ngf6 8.
Ng3 Be7 9. Re1 O-O 10. c3 Re8 11. h4 b6 12. h5 h6 13. Bf4 Bb7 14. Qe2 c5 15.
Ne5 Nf8 16. Bb5 Qd5 17. Nf3 Nxh5 18. Nxh5 Qxh5 19. Bxe8 Rxe8 20. dxc5 Bxc5 21.
Ne5 Qh4 22. Be3 Bd6 23. Qg4 Qxg4 24. Nxg4 f5 25. Rad1 Bc7 26. Nh2 e5 27. Bc1
Kf7 28. Nf1 g5 29. Ne3 Kg6 30. b3 e4 31. Ba3 Be5 32. Nc4 Bxc3 33. Nd6 Rb8 34.
Nxb7 Bxe1 35. Rxe1 Ne6 36. Nd6 Nd4 37. Bb2 Nc2 38. Rc1 Nb4 39. Rc7 Nd3 40. Rg7+
Kh5 41. Bf6 Rf8 42. Be7 1-0

[Event "2BLS 1920 OSG Baden-Baden II - SV 1947 "]
[Site "?"]
[Date "2021.08.08"]
[Round "10.7"]
[White "Hess, Markus"]
[Black "Kachiani-Gersinska, Ketino"]
[Result "1/2-1/2"]
[WhiteElo "2109"]
[BlackElo "2318"]
[PlyCount "53"]
[EventDate "2021.??.??"]

1. e4 e5 2. Nc3 Nf6 3. g3 Bc5 4. Bg2 Nc6 5. Nge2 a6 6. O-O h5 7. Nd5 h4 8. c3
hxg3 9. hxg3 Ng4 10. d4 Ba7 11. f3 Nh6 12. Be3 d6 13. Qd2 Bd7 14. Bg5 f6 15.
Nxf6+ gxf6 16. Bxh6 exd4 17. cxd4 Nxd4 18. Nxd4 Bxd4+ 19. Qxd4 Rxh6 20. Qd5 Ke7
21. Kf2 Bc6 22. Qf5 Qd7 23. Qxd7+ Kxd7 24. Rh1 Rah8 25. Rxh6 Rxh6 26. Rh1 Rxh1
27. Bxh1 1/2-1/2

[Event "2BLS 1920 OSG Baden-Baden II - SV 1947 "]
[Site "?"]
[Date "2021.08.08"]
[Round "10.8"]
[White "Kaczmarczyk, Dennis"]
[Black "Muckle, Richard"]
[Result "1-0"]
[WhiteElo "2448"]
[BlackElo "2038"]
[PlyCount "97"]
[EventDate "2021.??.??"]

1. b3 d5 2. Bb2 e6 3. e3 Nf6 4. Nf3 Be7 5. c4 O-O 6. Nc3 Nc6 7. d4 Bb4 8. a3
Bxc3+ 9. Bxc3 Ne4 10. Bb2 Ne7 11. g3 c6 12. Qc2 Ng6 13. Bg2 Bd7 14. O-O Re8 15.
Ne1 Nf6 16. Nd3 Rc8 17. a4 a5 18. Bc3 Ra8 19. c5 Ne4 20. f3 Nxc3 21. Qxc3 f6
22. f4 Qc7 23. e4 dxe4 24. Bxe4 Rad8 25. Nb2 e5 26. dxe5 Bh3 27. Rf2 fxe5 28.
f5 Nh8 29. g4 Bxg4 30. Rg2 Bh5 31. Nc4 Bf7 32. Nd6 Rxd6 33. cxd6 Qxd6 34. Rd2
Qh6 35. Rf1 Qh4 36. Qd3 g6 37. Qf3 Qf4 38. Qd3 Qg5+ 39. Rg2 Qh6 40. fxg6 hxg6
41. Rxf7 Kxf7 42. Qd7+ Re7 43. Rf2+ Qf4 44. Qd8 Re8 45. Qxa5 g5 46. Rxf4+ gxf4
47. Qc7+ Re7 48. Qc8 Ng6 49. Qf5+ 1-0

[Event "2BLS 1920 SC Emmendingen - SC Eppingen"]
[Site "?"]
[Date "2021.08.08"]
[Round "10.1"]
[White "Noe, Christopher"]
[Black "Bauer, Christian"]
[Result "1/2-1/2"]
[WhiteElo "2529"]
[BlackElo "2650"]
[PlyCount "47"]
[EventDate "2021.??.??"]

1. d4 e6 2. c4 d5 3. Nf3 Nf6 4. Qc2 c5 5. dxc5 Nc6 6. cxd5 Qxd5 7. Nc3 Qxc5 8.
e4 Bd7 9. Bb5 a6 10. Be3 Qb4 11. Be2 Ng4 12. Bd2 Qd6 13. Rd1 Qc7 14. h3 Nge5
15. Nxe5 Nxe5 16. O-O Bd6 17. Be3 Ng6 18. Qd2 Bh2+ 19. Kh1 Bf4 20. Bh5 Bxe3 21.
Qxe3 Nf4 22. Nd5 Nxd5 23. exd5 O-O 24. Bg4 1/2-1/2

[Event "2BLS 1920 SC Emmendingen - SC Eppingen"]
[Site "?"]
[Date "2021.08.08"]
[Round "10.2"]
[White "Baklan, Vladimir"]
[Black "Mesaros, Florian"]
[Result "1-0"]
[WhiteElo "2584"]
[BlackElo "2417"]
[PlyCount "77"]
[EventDate "2021.??.??"]

1. e4 e5 2. Nf3 Nc6 3. Bb5 a6 4. Ba4 Nf6 5. Nc3 Be7 6. Bxc6 dxc6 7. d3 Nd7 8.
Ne2 O-O 9. Ng3 Re8 10. Nf5 Bb4+ 11. Bd2 Bxd2+ 12. Qxd2 c5 13. O-O-O Nb8 14. g4
Nc6 15. h4 Be6 16. Qg5 Qf6 17. Qxf6 gxf6 18. g5 Bxf5 19. exf5 Kg7 20. Nd2 Nd4
21. Ne4 fxg5 22. f6+ Kg6 23. hxg5 Rh8 24. Rh6+ Kf5 25. Rdh1 Ne6 26. Ng3+ Kxg5
27. R1h5+ Kf4 28. Rf5+ Kg4 29. Rxe5 b6 30. Ne4 c4 31. Kd2 Kf4 32. Rhh5 Nd4 33.
Rd5 c5 34. Rh4+ Kf3 35. Ke1 Rag8 36. Kf1 Rg4 37. Ng5+ Kf4 38. Nh3+ Kf3 39. Rg5
1-0

[Event "2BLS 1920 SC Emmendingen - SC Eppingen"]
[Site "?"]
[Date "2021.08.08"]
[Round "10.3"]
[White "Guliyev, Namig"]
[Black "Hera, Imre Jr"]
[Result "1/2-1/2"]
[WhiteElo "2546"]
[BlackElo "2601"]
[PlyCount "27"]
[EventDate "2021.??.??"]

1. e4 e5 2. Nf3 Nc6 3. Bb5 a6 4. Ba4 d6 5. c3 Bd7 6. d4 g6 7. dxe5 Nxe5 8. Nxe5
dxe5 9. O-O Nf6 10. Bg5 Be7 11. Nd2 h6 12. Bxf6 Bxf6 13. Bxd7+ Qxd7 14. Nc4
1/2-1/2

[Event "2BLS 1920 SC Emmendingen - SC Eppingen"]
[Site "?"]
[Date "2021.08.08"]
[Round "10.4"]
[White "Shevchenko, Kirill"]
[Black "Gibicar, Danijel"]
[Result "1-0"]
[WhiteElo "2619"]
[BlackElo "2273"]
[PlyCount "121"]
[EventDate "2021.??.??"]

1. Nf3 Nf6 2. g3 g6 3. c4 c5 4. Nc3 Bg7 5. Bg2 O-O 6. d4 cxd4 7. Nxd4 Qc7 8.
Qd3 a6 9. b3 Nc6 10. Bb2 d6 11. Rc1 Nxd4 12. Qxd4 Be6 13. O-O Rab8 14. e4 Qa5
15. Rc2 Ng4 16. Qd2 Qh5 17. h3 Nf6 18. Ne2 Bd7 19. Nf4 Qh6 20. h4 Nh5 21. Nd5
Rfe8 22. Qe2 Bxb2 23. Rxb2 Qg7 24. Rd2 Bc6 25. Nb4 Qe5 26. Qe3 Nf6 27. Re2 Bd7
28. Rd1 Ng4 29. Qb6 Be6 30. Nd3 Qc3 31. Nf4 Ne5 32. Nxe6 fxe6 33. Qe3 Qxe3 34.
Rxe3 Ng4 35. Rc3 e5 36. c5 dxc5 37. Rxc5 Red8 38. Rxd8+ Rxd8 39. Bf3 Nf6 40.
Rxe5 Kf7 41. Rc5 Rd3 42. Kg2 Nd7 43. Rc2 Ne5 44. Be2 Rd4 45. f3 Kf6 46. Kf2 Nc6
47. Ke3 e5 48. f4 Rd6 49. Rc5 h6 50. Bc4 g5 51. Bd5 gxf4+ 52. gxf4 exf4+ 53.
Kxf4 Ne5 54. Rc7 b5 55. Rh7 Nd3+ 56. Ke3 Kg6 57. Rh8 Ne5 58. Re8 Kf6 59. Kd4
Nf3+ 60. Kc5 Rd7 61. Rf8+ 1-0

[Event "2BLS 1920 SC Emmendingen - SC Eppingen"]
[Site "?"]
[Date "2021.08.08"]
[Round "10.5"]
[White "Cofmann, Veaceslav"]
[Black "Korpa, Bence"]
[Result "0-1"]
[WhiteElo "2285"]
[BlackElo "2545"]
[PlyCount "86"]
[EventDate "2021.??.??"]

1. d4 Nf6 2. c4 e6 3. Nf3 d5 4. Bg5 h6 5. Bxf6 Qxf6 6. Nc3 g6 7. e4 dxe4 8.
Nxe4 Bb4+ 9. Ned2 O-O 10. a3 Bxd2+ 11. Qxd2 c5 12. dxc5 Na6 13. Be2 Rd8 14. Qc2
Nxc5 15. O-O Bd7 16. Rac1 Ba4 17. Qc3 Qxc3 18. Rxc3 Bb3 19. Rfc1 a5 20. Kf1 Rd6
21. Ke1 Rad8 22. Re3 f6 23. Rcc3 a4 24. Rc1 g5 25. h3 Kg7 26. g4 b6 27. Kf1 Kf7
28. Kg2 e5 29. Nh2 Rd2 30. Nf1 Rxb2 31. Ng3 Rdd2 32. Kf1 Bc2 33. Ke1 Bg6 34.
Kf1 Ra2 35. Nf5 Bxf5 36. gxf5 Ke7 37. Rd1 Rxd1+ 38. Bxd1 Kd6 39. Kg2 e4 40. Kg3
Ke5 41. f3 Kxf5 42. fxe4+ Nxe4+ 43. Kf3 Rf2# 0-1

[Event "2BLS 1920 SC Emmendingen - SC Eppingen"]
[Site "?"]
[Date "2021.08.08"]
[Round "10.6"]
[White "Sokolov, Andrei"]
[Black "Hamid, Emran"]
[Result "1/2-1/2"]
[WhiteElo "2488"]
[BlackElo "2153"]
[PlyCount "89"]
[EventDate "2021.??.??"]

1. e4 e5 2. Nf3 Nc6 3. Bb5 a6 4. Ba4 Nf6 5. O-O Be7 6. Re1 b5 7. Bb3 O-O 8. h3
Bb7 9. d3 d6 10. c3 Na5 11. Bc2 c5 12. Nbd2 Re8 13. Nf1 Qc7 14. N3h2 d5 15. Ng4
dxe4 16. dxe4 Rad8 17. Nxf6+ Bxf6 18. Qf3 Qe7 19. Ne3 g6 20. Ng4 Bg7 21. Qg3 h5
22. Ne3 Rd6 23. b3 Rc8 24. Ba3 Rd2 25. Rad1 Rcd8 26. Rxd2 Rxd2 27. Bc1 Rd6 28.
c4 Qf8 29. Bb2 Nc6 30. Nd5 Nd4 31. Bxd4 cxd4 32. c5 Rxd5 33. exd5 Qxc5 34. Be4
Bxd5 35. Bxd5 Qxd5 36. Qf3 Qe6 37. g4 hxg4 38. hxg4 Bh6 39. Kg2 Kg7 40. Rh1 Bf4
41. Qh3 Qc6+ 42. Qf3 Qc8 43. Qh3 Qc6+ 44. Qf3 Qc8 45. Qh3 1/2-1/2

[Event "2BLS 1920 SC Emmendingen - SC Eppingen"]
[Site "?"]
[Date "2021.08.08"]
[Round "10.7"]
[White "Beer, Markus"]
[Black "Miezis, Normunds"]
[Result "0-1"]
[WhiteElo "2105"]
[BlackElo "2468"]
[PlyCount "80"]
[EventDate "2021.??.??"]

1. e4 c5 2. Nf3 e6 3. d4 cxd4 4. Nxd4 a6 5. c4 Nf6 6. Nc3 Qc7 7. Be2 Nc6 8. Nc2
Bd6 9. g3 Bc5 10. a3 d6 11. O-O h5 12. Be3 Ne5 13. Bxc5 Qxc5 14. b4 Qc7 15. Qd4
Bd7 16. Rfd1 Rc8 17. Ne3 Nfg4 18. Rac1 Nxe3 19. Qxe3 f6 20. Qd4 Nf7 21. f4 h4
22. Kg2 Ke7 23. g4 h3+ 24. Kf2 g5 25. f5 Ne5 26. fxe6 Bxe6 27. Nd5+ Bxd5 28.
cxd5 Qxc1 29. Rxc1 Rxc1 30. Qb6 Rhc8 31. Qxb7+ R8c7 32. Qb8 R7c2 33. Qa7+ Nd7
34. Qe3 Rc3 35. Qa7 Rh1 36. Bf3 Rxh2+ 37. Kg3 Ra2 38. Qxa6 Rg2+ 39. Kxh3 Rf2
40. Kg3 Rcxf3# 0-1

[Event "2BLS 1920 SC Emmendingen - SC Eppingen"]
[Site "?"]
[Date "2021.08.08"]
[Round "10.8"]
[White "Bauer, Andreas"]
[Black "Reimold, Jonas"]
[Result "1-0"]
[WhiteElo "2275"]
[BlackElo "2050"]
[PlyCount "85"]
[EventDate "2021.??.??"]

1. d4 f5 2. g3 Nf6 3. Bg2 g6 4. Nh3 Bg7 5. c3 d5 6. Nf4 c6 7. h4 Na6 8. h5 g5
9. h6 gxf4 10. hxg7 Rg8 11. Bxf4 Rxg7 12. Nd2 Qb6 13. Qb3 Be6 14. Be5 O-O-O 15.
Bxf6 exf6 16. Qxb6 axb6 17. Rh4 Nc7 18. O-O-O Ne8 19. Rdh1 Bg8 20. Nf1 Nd6 21.
Ne3 Re8 22. Rf4 Rg5 23. Rh6 Rg6 24. Rhh4 Kc7 25. Bh3 Rg5 26. Kd1 h5 27. Nxf5
Ne4 28. Bg2 Bh7 29. Bxe4 dxe4 30. Ne3 Re6 31. g4 Bg6 32. Kd2 Ra5 33. gxh5 Rxh5
34. Rxh5 Bxh5 35. Rh4 Bg6 36. Rh6 f5 37. Ng2 Rd6 38. Nh4 Bf7 39. Rh7 Rd7 40.
Nxf5 Bxa2 41. Rxd7+ Kxd7 42. Ng3 Bd5 43. Ke3 1-0

[Event "2BLS 1920 Stuttgarter SF - TSV Schönaic"]
[Site "?"]
[Date "2021.08.08"]
[Round "10.1"]
[White "Krassowizkij, Jaroslaw"]
[Black "Macovei, Andrei"]
[Result "1/2-1/2"]
[WhiteElo "2448"]
[BlackElo "2443"]
[PlyCount "74"]
[EventDate "2021.??.??"]

1. e4 c5 2. Nf3 d6 3. d4 cxd4 4. Nxd4 Nf6 5. Nc3 a6 6. h3 e6 7. g4 Nfd7 8. g5
Nc6 9. Be3 Be7 10. h4 O-O 11. Qd2 Nxd4 12. Bxd4 b5 13. a3 Ne5 14. Be2 Nc6 15.
Be3 b4 16. axb4 Nxb4 17. Nb5 d5 18. c3 Bb7 19. Nd4 e5 20. cxb4 exd4 21. Qxd4
dxe4 22. Qxd8 Rfxd8 23. Bc5 Bd6 24. Bxd6 Rxd6 25. Rh3 Rb6 26. b5 axb5 27. Rxa8+
Bxa8 28. Rc3 Bc6 29. b4 Kf8 30. Rc5 Ke7 31. Kd2 Kd6 32. Ke3 Ra6 33. Bxb5 Ra3+
34. Kd4 Bxb5 35. Rxb5 Rf3 36. Kxe4 Rxf2 37. Rf5 Rb2 1/2-1/2

[Event "2BLS 1920 Stuttgarter SF - TSV Schönaic"]
[Site "?"]
[Date "2021.08.08"]
[Round "10.2"]
[White "Kvetny, Mark"]
[Black "Saric, Ante"]
[Result "1/2-1/2"]
[WhiteElo "2416"]
[BlackElo "2540"]
[PlyCount "34"]
[EventDate "2021.??.??"]

1. c4 e6 2. Nc3 d5 3. d4 Nf6 4. cxd5 Nxd5 5. e4 Nxc3 6. bxc3 c5 7. a3 g6 8. Nf3
Bg7 9. Bb5+ Bd7 10. Bd3 Nc6 11. Be3 O-O 12. O-O cxd4 13. cxd4 Qe7 14. Qb3 b6
15. Rac1 Rfd8 16. e5 Bf8 17. Rc3 Qe8 1/2-1/2

[Event "2BLS 1920 Stuttgarter SF - TSV Schönaic"]
[Site "?"]
[Date "2021.08.08"]
[Round "10.3"]
[White "Menezes, Christoph"]
[Black "Benkovic, Petar"]
[Result "1/2-1/2"]
[WhiteElo "2384"]
[BlackElo "2388"]
[PlyCount "46"]
[EventDate "2021.??.??"]

1. Nf3 d5 2. e3 Nf6 3. c4 e6 4. Nc3 Be7 5. b3 O-O 6. Bb2 b6 7. g3 dxc4 8. bxc4
c5 9. Bg2 Bb7 10. O-O Nc6 11. Qe2 a6 12. Rfd1 Qc7 13. Rab1 Rfd8 14. d3 Rac8 15.
Ne1 Na7 16. Bxb7 Qxb7 17. Ba1 Qc6 18. a4 Rb8 19. Nf3 Qc7 20. d4 cxd4 21. exd4
Rbc8 22. c5 bxc5 23. Qxa6 cxd4 1/2-1/2

[Event "2BLS 1920 Stuttgarter SF - TSV Schönaic"]
[Site "?"]
[Date "2021.08.08"]
[Round "10.4"]
[White "Neyman, Igor"]
[Black "Wenninger, Philipp"]
[Result "1/2-1/2"]
[WhiteElo "2325"]
[BlackElo "2384"]
[PlyCount "76"]
[EventDate "2021.??.??"]

1. d4 d5 2. c4 c6 3. Nf3 Nf6 4. Nc3 a6 5. cxd5 cxd5 6. Bf4 Nc6 7. e3 Bf5 8. Bd3
Bxd3 9. Qxd3 e6 10. O-O Be7 11. Rfc1 O-O 12. h3 Rc8 13. Nd2 Bd6 14. Bxd6 Qxd6
15. f4 Rc7 16. Ne2 Rfc8 17. a3 Na5 18. Rxc7 Rxc7 19. Rc1 Rxc1+ 20. Nxc1 Qc6 21.
Na2 g6 22. Nc3 b5 23. b3 Nb7 24. Na2 Nd6 25. Qc3 Qb6 26. Nb4 a5 27. Nd3 Kg7 28.
Nc5 b4 29. axb4 axb4 30. Qa1 Nde4 31. Ncxe4 Nxe4 32. Nxe4 dxe4 33. Qa4 Qc7 34.
Qxb4 Qc1+ 35. Kf2 Qc2+ 36. Kf1 Qd3+ 37. Kf2 Qc2+ 38. Kf1 Qd3+ 1/2-1/2

[Event "2BLS 1920 Stuttgarter SF - TSV Schönaic"]
[Site "?"]
[Date "2021.08.08"]
[Round "10.5"]
[White "Lorscheid, Gerhard"]
[Black "Strunski, Andreas"]
[Result "1/2-1/2"]
[WhiteElo "2202"]
[BlackElo "2322"]
[PlyCount "20"]
[EventDate "2021.??.??"]

1. c4 Nf6 2. Nc3 c6 3. Nf3 d5 4. e3 Bg4 5. b3 Bxf3 6. Qxf3 e6 7. Qg3 Nh5 8. Qf3
Nf6 9. Qg3 Nh5 10. Qf3 Nf6 1/2-1/2

[Event "2BLS 1920 Stuttgarter SF - TSV Schönaic"]
[Site "?"]
[Date "2021.08.08"]
[Round "10.6"]
[White "Beyer, Christian"]
[Black "Schnadt, Florian"]
[Result "1-0"]
[WhiteElo "2303"]
[BlackElo "2051"]
[PlyCount "73"]
[EventDate "2021.??.??"]

1. e4 e5 2. Nf3 Nc6 3. Bb5 a6 4. Ba4 Nf6 5. Qe2 b5 6. Bb3 Be7 7. c3 d6 8. O-O
O-O 9. h3 Na5 10. Bc2 c5 11. d4 Qc7 12. Rd1 Bd7 13. d5 Rfe8 14. Nbd2 Bf8 15.
Nf1 g6 16. b3 c4 17. b4 Nb7 18. a4 a5 19. Bg5 Bg7 20. axb5 Bxb5 21. Qe3 Reb8
22. Ra3 axb4 23. cxb4 Nd7 24. Rda1 Rxa3 25. Rxa3 f6 26. Bh4 Nb6 27. N3d2 Ra8
28. Rxa8+ Nxa8 29. Qa7 Nb6 30. Ne3 Kf7 31. Nb1 Nc8 32. Qa3 Nb6 33. Nc3 Bd7 34.
f3 Bh6 35. Bf2 Ke7 36. Qa6 Nd8 37. Ng4 1-0

[Event "2BLS 1920 Stuttgarter SF - TSV Schönaic"]
[Site "?"]
[Date "2021.08.08"]
[Round "10.7"]
[White "Kuebler, Marcus"]
[Black "Gabriel, Robert"]
[Result "0-1"]
[WhiteElo "1973"]
[BlackElo "2236"]
[PlyCount "36"]
[EventDate "2021.??.??"]

1. d4 Nf6 2. c4 e6 3. g3 d5 4. Bg2 Be7 5. Nf3 O-O 6. O-O b6 7. cxd5 exd5 8. Nc3
Bb7 9. Bf4 Ne4 10. Qc2 Na6 11. Rfd1 Nxc3 12. bxc3 Re8 13. h4 f6 14. h5 Bd6 15.
Nh4 Bxf4 16. gxf4 c6 17. e4 Nc7 18. e5 fxe5 0-1

[Event "2BLS 1920 Stuttgarter SF - TSV Schönaic"]
[Site "?"]
[Date "2021.08.08"]
[Round "10.8"]
[White "Fritsch, Rolf"]
[Black "Richter, Nils"]
[Result "1-0"]
[WhiteElo "2164"]
[BlackElo "2292"]
[PlyCount "109"]
[EventDate "2021.??.??"]

1. e4 c6 2. Nc3 d5 3. Nf3 dxe4 4. Nxe4 Nf6 5. Nxf6+ exf6 6. d4 Bd6 7. c3 O-O 8.
Be2 Re8 9. O-O Nd7 10. Re1 Nf8 11. Bf1 Bg4 12. Rxe8 Qxe8 13. h3 Bh5 14. g4 Bg6
15. Nh4 Qd7 16. f4 Be4 17. Bg2 f5 18. Bxe4 fxe4 19. Be3 Ne6 20. Qd2 Nc7 21. Nf5
Bf8 22. c4 Re8 23. Rd1 h5 24. Qe2 g6 25. Nh4 Be7 26. Ng2 Bf6 27. f5 hxg4 28.
hxg4 gxf5 29. Qf2 Ne6 30. Qxf5 Bg7 31. d5 cxd5 32. cxd5 Nf8 33. b3 b6 34. Bd4
Qxf5 35. gxf5 Rd8 36. Nf4 Nd7 37. Nh5 Bh6 38. Kf2 Kf8 39. d6 Bg5 40. Ng3 Bh4
41. Rh1 Bf6 42. Bxf6 Nxf6 43. Rh8+ Ng8 44. Nxe4 Kg7 45. Rh1 Nh6 46. Rg1+ Kf8
47. Rg5 Re8 48. Kf3 Re5 49. Kf4 Rd5 50. Rh5 Ng8 51. Rh8 Rd3 52. f6 Rd1 53. Ke5
a5 54. Ng5 Rg1 55. d7 1-0

[Event "2BLS 1920 SF Neuberg - SC Heusenstamm"]
[Site "?"]
[Date "2021.08.08"]
[Round "10.1"]
[White "Michalik, Peter"]
[Black "Lubbe, Nikolas"]
[Result "1/2-1/2"]
[WhiteElo "2592"]
[BlackElo "2427"]
[PlyCount "101"]
[EventDate "2021.??.??"]

1. d4 d5 2. c4 e6 3. Nf3 Nf6 4. Nc3 Be7 5. Bf4 O-O 6. e3 b6 7. Bd3 Bb7 8. O-O
c5 9. dxc5 bxc5 10. Rc1 Nbd7 11. cxd5 Nxd5 12. Nxd5 exd5 13. Re1 Re8 14. b3 Qb6
15. Bb1 Rad8 16. Qc2 g6 17. h3 Bf8 18. Bg5 Rc8 19. Qd1 Bg7 20. e4 h6 21. Bh4
dxe4 22. Nd2 e3 23. fxe3 Qc6 24. Qf3 Qxf3 25. gxf3 Ne5 26. Kf2 Ba6 27. f4 Nd3+
28. Bxd3 Bxd3 29. Nc4 Rc6 30. Red1 Bxc4 31. Rxc4 Rce6 32. Rd3 Bf8 33. Ra4 a6
34. Kf3 f5 35. Be1 g5 36. Bf2 Kf7 37. Rd7+ Kg6 38. Ra7 gxf4 39. exf4 Rd8 40.
R4xa6 Rd3+ 41. Kg2 Bd6 42. Bxc5 Kh5 43. Rxd6 Rdxd6 44. Bxd6 Rxd6 45. a4 Rb6 46.
Ra5 Rxb3 47. Rxf5+ Kh4 48. Rf6 h5 49. a5 Ra3 50. Rg6 Rg3+ 51. Rxg3 1/2-1/2

[Event "2BLS 1920 SF Neuberg - SC Heusenstamm"]
[Site "?"]
[Date "2021.08.08"]
[Round "10.2"]
[White "Lubbe, Melanie"]
[Black "Krejci, Jan"]
[Result "1/2-1/2"]
[WhiteElo "2281"]
[BlackElo "2542"]
[PlyCount "104"]
[EventDate "2021.??.??"]

1. e4 e5 2. Nf3 Nc6 3. Bc4 Nf6 4. d3 h6 5. O-O d6 6. a4 g6 7. c3 Bg7 8. b4 O-O
9. Re1 Qe7 10. Na3 Be6 11. Qb3 Bg4 12. Re3 Rae8 13. a5 a6 14. Nc2 Kh8 15. h3
Bd7 16. Re1 Nh7 17. Ne3 f5 18. Nd5 Qd8 19. exf5 gxf5 20. Qd1 f4 21. Kh2 Bf5 22.
g3 fxg3+ 23. fxg3 Nf6 24. Nh4 Bh7 25. Ra2 Ne7 26. Nxe7 Rxe7 27. Rf1 d5 28. Bb3
Ref7 29. Kg2 Ng8 30. Rxf7 Rxf7 31. Be3 c6 32. Qh5 Rf6 33. d4 Be4+ 34. Kg1 Qf8
35. Rf2 Rxf2 36. Bxf2 exd4 37. Ng6+ Bxg6 38. Qxg6 Ne7 39. Qe6 Qf6 40. Qd7 d3
41. Bd1 Qg5 42. Kg2 Ng6 43. Qxb7 Nh4+ 44. Kf1 Qc1 45. Qc8+ Kh7 46. Qg4 Ng6 47.
Kg2 Qxc3 48. Qf5 Qd2 49. Bf3 Qg5 50. Qxd3 Kh8 51. Be3 Ne5 52. Bxg5 Nxd3 1/2-1/2

[Event "2BLS 1920 SF Neuberg - SC Heusenstamm"]
[Site "?"]
[Date "2021.08.08"]
[Round "10.3"]
[White "Sadzikowski, Daniel"]
[Black "Wahedi, Ahmad Siar"]
[Result "1-0"]
[WhiteElo "2529"]
[BlackElo "2273"]
[PlyCount "121"]
[EventDate "2021.??.??"]

1. Nf3 d6 2. e4 Nf6 3. Nc3 e5 4. d4 Nbd7 5. Bc4 Be7 6. O-O O-O 7. Re1 c6 8. a4
a5 9. h3 exd4 10. Nxd4 Nc5 11. Bf4 Be6 12. Nxe6 fxe6 13. e5 Nd5 14. Bxd5 exd5
15. Nxd5 cxd5 16. exd6 Bh4 17. Qxd5+ Kh8 18. Qxc5 Rxf4 19. g3 Rf6 20. gxh4 Rxd6
21. Re4 h6 22. Rae1 Rg6+ 23. Kf1 Qd7 24. Qe3 Rf8 25. Re8 Rgf6 26. Rxf8+ Rxf8
27. b3 Qf5 28. Re2 Rf6 29. Qe8+ Rf8 30. Qe3 Rf6 31. Kg2 Qd5+ 32. Qe4 Rg6+ 33.
Kh1 Qd6 34. Re1 Rf6 35. Re2 Rg6 36. Re1 Rf6 37. Kg1 Rg6+ 38. Kf1 Rf6 39. h5 Qc5
40. Re3 Rf8 41. Kg2 Qxh5 42. Qxb7 Qf5 43. Rf3 Qg6+ 44. Rg3 Qf6 45. Qf3 Qd6 46.
Qe4 Qd2 47. Rf3 Qg5+ 48. Kh2 Rb8 49. Qf5 Qe7 50. c4 Qd6+ 51. Qf4 Qc5 52. Qf5
Qb6 53. Kg2 Qc7 54. Re3 Kg8 55. Qe6+ Kh7 56. Qe7 Qc6+ 57. Kh2 Qc8 58. Rf3 Qe8
59. Qf7 Rd8 60. Rg3 Qe5 61. f4 1-0

[Event "2BLS 1920 SF Neuberg - SC Heusenstamm"]
[Site "?"]
[Date "2021.08.08"]
[Round "10.4"]
[White "Kuenstler, Christian"]
[Black "Wieczorek, Oskar"]
[Result "0-1"]
[WhiteElo "2281"]
[BlackElo "2498"]
[PlyCount "74"]
[EventDate "2021.??.??"]

1. e4 c5 2. c4 d6 3. Nc3 Nc6 4. g3 g6 5. Bg2 Bg7 6. Nge2 Nf6 7. d3 O-O 8. O-O
a6 9. Rb1 Rb8 10. a3 b5 11. cxb5 axb5 12. b4 Ba6 13. h3 Nd7 14. Be3 Nd4 15. Qd2
e6 16. f4 Qe7 17. Bf2 Rfc8 18. Nxd4 cxd4 19. Ne2 e5 20. Rfc1 Nb6 21. h4 Rxc1+
22. Rxc1 Bc8 23. Bf3 f5 24. fxe5 dxe5 25. Rc5 Na4 26. Rc1 Bb7 27. Qc2 fxe4 28.
dxe4 Rf8 29. Kg2 Qf7 30. Ng1 Bh6 31. Re1 Qc4 32. Qd1 Nc3 33. Qc2 d3 34. Qb2 d2
35. Rf1 Rxf3 36. Nxf3 Bxe4 37. Bc5 Qxf1+ 0-1

[Event "2BLS 1920 SF Neuberg - SC Heusenstamm"]
[Site "?"]
[Date "2021.08.08"]
[Round "10.5"]
[White "Poetsch, Hagen"]
[Black "Schaffer, Hendrik"]
[Result "1-0"]
[WhiteElo "2525"]
[BlackElo "2267"]
[PlyCount "93"]
[EventDate "2021.??.??"]

1. e4 c5 2. Nf3 d6 3. d4 cxd4 4. Nxd4 Nf6 5. Nc3 g6 6. Be3 Bg7 7. f3 Nc6 8. Qd2
O-O 9. g4 Be6 10. Nxe6 fxe6 11. O-O-O Ne5 12. Be2 Rc8 13. Nb5 Ne8 14. Nd4 Nc7
15. h4 Nf7 16. f4 e5 17. fxe5 dxe5 18. Nb3 Qxd2+ 19. Rxd2 Nd6 20. Bxa7 Ne6 21.
Be3 Nc4 22. Bxc4 Rxc4 23. Rd7 Rxe4 24. Nc5 Nxc5 25. Bxc5 Rxg4 26. Bxe7 Rf2 27.
Rxb7 Bh6+ 28. Kb1 e4 29. a4 Bd2 30. Bc5 Rf5 31. Bb4 e3 32. Bxd2 exd2 33. Rd1
Rxa4 34. c3 Rxh4 35. Rxd2 Rf7 36. Rxf7 Kxf7 37. b4 Ke6 38. Kc2 Rf4 39. b5 Rf7
40. c4 Rd7 41. Re2+ Kd6 42. Kc3 h5 43. Kb4 h4 44. c5+ Kd5 45. c6 Rc7 46. Rd2+
Ke5 47. Kc5 1-0

[Event "2BLS 1920 SF Neuberg - SC Heusenstamm"]
[Site "?"]
[Date "2021.08.08"]
[Round "10.6"]
[White "Lutz, Klaus-Juergen"]
[Black "Barski, Radoslaw"]
[Result "0-1"]
[WhiteElo "2239"]
[BlackElo "2441"]
[PlyCount "50"]
[EventDate "2021.??.??"]

1. e4 e5 2. Nf3 Nc6 3. Bb5 a6 4. Ba4 Nf6 5. d3 Bc5 6. c3 d6 7. O-O Ba7 8. Re1
h6 9. d4 O-O 10. Bxc6 bxc6 11. dxe5 Ng4 12. Re2 dxe5 13. Qc2 f5 14. Nbd2 Qe7
15. b4 a5 16. h3 axb4 17. hxg4 fxg4 18. cxb4 Ba6 19. b5 Bxb5 20. Qb3+ Rf7 21.
Ba3 Qf6 22. Ree1 Rd8 23. Nc4 gxf3 24. Ne3 Rd3 25. Ng4 Qg5 0-1

[Event "2BLS 1920 SF Neuberg - SC Heusenstamm"]
[Site "?"]
[Date "2021.08.08"]
[Round "10.7"]
[White "Zuyev, Igor"]
[Black "Bethke, Richard"]
[Result "1-0"]
[WhiteElo "2447"]
[BlackElo "2337"]
[PlyCount "95"]
[EventDate "2021.??.??"]

1. e4 c5 2. Nc3 Nc6 3. f4 g6 4. Nf3 Bg7 5. Bb5 Nd4 6. O-O a6 7. Bc4 b5 8. Bd5
Rb8 9. d3 e6 10. Bb3 Ne7 11. Nxd4 Bxd4+ 12. Kh1 d5 13. Ne2 Bg7 14. c3 Bb7 15.
f5 exf5 16. exf5 Nxf5 17. Rxf5 gxf5 18. Bf4 Ra8 19. d4 c4 20. Bc2 Bc8 21. Ng3
O-O 22. Qh5 Qf6 23. Bxf5 Bxf5 24. Nxf5 Rfe8 25. Be5 Rxe5 26. dxe5 Qe6 27. Re1
Re8 28. Qg5 Qf6 29. Qxf6 Bxf6 30. Nh6+ Kh8 31. Nxf7+ Kg8 32. Nh6+ Kh8 33. g4 b4
34. Kg2 bxc3 35. bxc3 Bg7 36. g5 Bxh6 37. gxh6 Kg8 38. e6 Kf8 39. Kf3 Ke7 40.
Kf4 Kf6 41. e7 d4 42. cxd4 Rxe7 43. Rxe7 Kxe7 44. Ke3 Kd6 45. Kd2 Kc6 46. Kc3
Kb5 47. a3 a5 48. h3 1-0